Arbitration in England and Wales and the European Convention on Human Rights (Record no. 79153)

MARC details
000 -LEADER
fixed length control field 01556cab a22002535a 4500
001 - CONTROL NUMBER
control field L140000
008 - FIXED-LENGTH DATA ELEMENTS--GENERAL INFORMATION
fixed length control field 070829s2007 xxk f 000 0 eng d
035 ## - SYSTEM CONTROL NUMBER
System control number (Sirsi) u140000
041 0# - LANGUAGE CODE
Language code of text/sound track or separate title eng
100 1# - MAIN ENTRY--PERSONAL NAME
Personal name Altaras, David
245 00 - TITLE STATEMENT
Title Arbitration in England and Wales and the European Convention on Human Rights
Remainder of title should arbitrators be frightened?
260 ## - PUBLICATION, DISTRIBUTION, ETC.
Date of publication, distribution, etc. 2007
490 #0 - SERIES STATEMENT
Series statement Arbitration
Volume/sequential designation 73(3) August 2007, 262-268(7)
520 ## - SUMMARY, ETC.
Summary, etc. Considers the applicability of the European Convention on Human Rights (ECHR) and the Human Rights Act 1998 to arbitration. Notes that two sections of the 1998 Act are of key importance to arbitrators; s6 and s3. Provides an interpretation of the ECHR Art 6, discusses waiving Art 6 rights when parties enter into an arbitration agreement, and looks at Art 6 and the Arbitration Act 1996. Also examines the scope of the ECHR Art 1 in relation to arbitration. Concludes that arbitrators should not be wary of the ECHR, as they already strive to comply with the basic principles of fairness and impartiality. Case law.
590 ## - LOCAL NOTE (RLIN)
Local note KA
650 24 - SUBJECT ADDED ENTRY--TOPICAL TERM
Topical term or geographic name entry element CONVENTION FOR THE PROTECTION OF HUMAN RIGHTS AND FUNDAMENTAL FREEDOMS ART 6
650 24 - SUBJECT ADDED ENTRY--TOPICAL TERM
Topical term or geographic name entry element CONVENTION FOR THE PROTECTION OF HUMAN RIGHTS AND FUNDAMENTAL FREEDOMS ART 1
650 24 - SUBJECT ADDED ENTRY--TOPICAL TERM
Topical term or geographic name entry element HUMAN RIGHTS ACT 1998 S6
650 24 - SUBJECT ADDED ENTRY--TOPICAL TERM
Topical term or geographic name entry element HUMAN RIGHTS ACT 1998 S3
650 24 - SUBJECT ADDED ENTRY--TOPICAL TERM
Topical term or geographic name entry element ARBITRATION ACT 1996
651 #4 - SUBJECT ADDED ENTRY--GEOGRAPHIC NAME
Geographic name England and Wales
Chronological subdivision 1543-
690 ## - LOCAL SUBJECT ADDED ENTRY--TOPICAL TERM (OCLC, RLIN)
Topical term or geographic name as entry element MANAGEMENT-DISPUTE AVOIDANCE, MANAGEMENT AND RESOLUTION-DISPUTE MANAGEMENT AND RESOLUTION-ARBITRATION
942 ## - ADDED ENTRY ELEMENTS (KOHA)
Suppress in OPAC 0
Holdings
Withdrawn status Lost status Source of classification or shelving scheme Damaged status Not for loan Home library Current library Shelving location Date acquired Total Checkouts Full call number Barcode Date last seen Copy number Price effective from Koha item type
    Dewey Decimal Classification     London London Journal article 29/08/2007   L140000 140000-1001 06/08/2019 1 06/08/2019 Journal article